Statistics for Longest Current World Series Championship Droughts

Click here to take the quiz!

General Stats

  • This quiz has been taken 132 times
  • The average score is 16 of 30

Answer Stats

# of YearsTeam% Correct
107Chicago Cubs
100%
67Cleveland Indians
84%
0Kansas City Royals
63%
1San Francisco Giants
61%
2Boston Red Sox
58%
6New York Yankees
58%
4St. Louis Cardinals
58%
55*Texas Rangers/Washington Senators
57%
14Arizona Diamondbacks
53%
27Los Angeles Dodgers
53%
12Miami Marlins
53%
26Oakland Athletics
53%
7Philadelphia Phillies
53%
20Atlanta Braves
52%
10Chicago White Sox
52%
25Cincinnati Reds
51%
24Minnesota Twins
51%
36Pittsburgh Pirates
51%
13Los Angeles Angels
50%
29New York Mets
50%
23*Colorado Rockies
49%
54*Houston Astros/Colt .45s
49%
22Toronto Blue Jays
49%
47*Washington Nationals/Montreal Expos
49%
31Detroit Tigers
48%
47*San Diego Padres
48%
47*Milwaukee Brewers/Seattle Pilots
46%
18*Tampa Bay Rays
46%
32Baltimore Orioles
45%
39*Seattle Mariners
45%

Score Distribution

Percentile by Number Answered

Percent of People with Each Score

Your Score History

You have not taken this quiz